Del proyecto nacional para una universidad en México 1867-1910.

Uloženo v:
Podrobná bibliografie
Hlavní autor: García Verastegui, Lia (autor)
Médium: Kniha
Jazyk:španělština
Témata:
Tagy: Přidat tag
Žádné tagy, Buďte první, kdo vytvoří štítek k tomuto záznamu!

MARC

LEADER 00000cam^a2200000uu^4500
001 000468821
005 20250521000000.0
008 050901s1984^^^^^^^^^^^^rd^r^^000^0^spa^d
009 20260310124520.182
022 |a 9688372366 
035 |a FCE 000011562 
035 |a FCE 006840 
037 |a Acervo ITESO - Biblioteca 
041 |a spa 
082 0 4 |a 378.7252  |b GARp 
100 |a García Verastegui, Lia  |e (autor) 
245 1 0 |a Del proyecto nacional para una universidad en México 1867-1910. 
264 |a México :  |b UNAM,  |c 1984. 
300 |a 117 p. 
336 |a texto  |b txt  |2 rdacontenido 
337 |a sin mediación  |b n  |2 rdamedio 
338 |a volumen  |b nc  |2 rdasoporte 
649 |a XX 
650 |a Educación superior 
650 |a Historia 
650 |a Papel de la universidad 
650 |a Proyecto de educación 
650 |a Universidad 
650 |a Plan nacional 
650 |a Capacitación 
650 |a Instituciones educativas 
910 |a Fondo Centro de Estudios Educativos 
920 |a Impresos - Libros 
930 |a Fondos Especiales 
905 |a 133 
901 |a ALE006840  |b IT2  |c CEE  |u 20250521 
902 |a https://opac.biblio.iteso.mx/vufind/Record/000468821